000 00676cam a22002293a 4500
001 31728
003 PGUSA
005 20140828083703.0
008 100321s2010||||xxu|||||s|||||000 1 eng d
040 _aPGUSA
_beng
042 _adc
050 4 _aPS
100 1 _aWatson, Robert,
_d1882-1948
245 1 0 _aMy Brave and Gallant Gentleman :
_bA Romance of British Columbia
_h[electronic resource] /
_cRobert Watson
260 _bProject Gutenberg,
_c2010
506 _aPublic domain in the USA.
516 _aElectronic text
653 _aBritish Columbia -- Fiction
830 0 _aProject Gutenberg
_v31728
856 4 0 _uhttp://www.gutenberg.org/ebooks/31728
942 _cEB
999 _c260983
_d260983